000 00351nam a2200133Ia 4500
005 20260328101458.0
008 260328s9999||||xx |||||||||||||| ||und||
100 _aPeñas, David Ernesto
245 0 _aMompox :
_b Isla en el tiempo /
_cDavid Ernesto Peñas
260 _bDiego Samper
300 _a160 p.
650 _aARQUITECTURA REGIONAL
942 _cBK
999 _c8885
_d8885